Сравнение эффективности вибромагнитного и ультразвукового методов экстракции органических веществ сапропеля в водной среде; Перспективы развития фундаментальных наук; Т. 2 : Химия

Bibliografiske detaljer
Parent link:Перспективы развития фундаментальных наук=Prospects of Fundamental Sciences Development: сборник научных трудов XV Международной конференции студентов, аспирантов и молодых ученых, г. Томск, 24-27 апреля 2018 г./ Национальный исследовательский Томский политехнический университет (ТПУ) ; под ред. И. А. Курзиной, Г. А. Вороновой.— , 2018
Т. 2 : Химия.— 2018.— [С. 153-155]
Hovedforfatter: Коршиков В. А.
Institution som forfatter: Национальный исследовательский Томский государственный университет (ТГУ)
Andre forfattere: Рыжова Г. Л. (научный руководитель)
Summary:Заглавие с экрана
The aim of this investigation was to compare the influence of aqueous vibromagnetic-assisted and ultrasonic-assisted extraction on the qualitative and quantitative composition of the fatty acids (FA) obtained from the sapropel of Karasevoye lake (Russia, Tomsk Region, Chazhemto). It has been shown that the use of vibromagnetic extraction allows to extract 1.42 times more lipids from sapropel. Investigation by GC-MS method has showed that fatty acids complex obtained by vibromagnetic-assisted extraction comprises 2 times more saturated FA and up to 5 times more unsaturated FA. An information obtained during this investigation can be further used to create functional products based on sapropel, and analytical methods for controlling production of such products.
Sprog:russisk
Udgivet: 2018
Fag:
Online adgang:http://earchive.tpu.ru/handle/11683/50746
Format: MixedMaterials Electronisk Book Chapter
KOHA link:https://koha.lib.tpu.ru/cgi-bin/koha/opac-detail.pl?biblionumber=627526

MARC

LEADER 00000naa2a2200000 4500
001 627526
005 20231101133451.0
035 |a (RuTPU)RU\TPU\conf\27403 
035 |a RU\TPU\conf\27395 
090 |a 627526 
100 |a 20180911d2018 k y0rusy50 ca 
101 0 |a rus  |d eng 
102 |a RU 
105 |a y z 100zy 
135 |a drcn ---uucaa 
181 0 |a i  
182 0 |a b 
200 1 |a Сравнение эффективности вибромагнитного и ультразвукового методов экстракции органических веществ сапропеля в водной среде  |d Comparison of efficiency of vibromagnetic and ultrasonic methods of organic compounds extraction from sapropel in the water environment  |f В. А. Коршиков  |g науч. рук. Г. Л. Рыжова 
203 |a Текст  |c электронный 
230 |a 1 компьютерный файл (pdf; 225 Kb) 
300 |a Заглавие с экрана 
320 |a [Библиогр.: с. 155 (5 назв.)] 
330 |a The aim of this investigation was to compare the influence of aqueous vibromagnetic-assisted and ultrasonic-assisted extraction on the qualitative and quantitative composition of the fatty acids (FA) obtained from the sapropel of Karasevoye lake (Russia, Tomsk Region, Chazhemto). It has been shown that the use of vibromagnetic extraction allows to extract 1.42 times more lipids from sapropel. Investigation by GC-MS method has showed that fatty acids complex obtained by vibromagnetic-assisted extraction comprises 2 times more saturated FA and up to 5 times more unsaturated FA. An information obtained during this investigation can be further used to create functional products based on sapropel, and analytical methods for controlling production of such products. 
461 1 |0 (RuTPU)RU\TPU\conf\26928  |t Перспективы развития фундаментальных наук  |l Prospects of Fundamental Sciences Development  |o сборник научных трудов XV Международной конференции студентов, аспирантов и молодых ученых, г. Томск, 24-27 апреля 2018 г.  |o в 7 т.  |f Национальный исследовательский Томский политехнический университет (ТПУ) ; под ред. И. А. Курзиной, Г. А. Вороновой  |d 2018 
463 1 |0 (RuTPU)RU\TPU\conf\26930  |t Т. 2 : Химия  |v [С. 153-155]  |d 2018 
510 1 |a Comparison of efficiency of vibromagnetic and ultrasonic methods of organic compounds extraction from sapropel in the water environment  |z eng 
610 1 |a электронный ресурс 
610 1 |a эффективность 
610 1 |a ультразвуковые методы 
610 1 |a экстракция 
610 1 |a органические вещества 
610 1 |a сапропели 
610 1 |a водные среды 
610 1 |a гравиметрия 
700 1 |a Коршиков  |b В. А. 
702 1 |a Рыжова  |b Г. Л.  |4 727 
712 0 2 |a Национальный исследовательский Томский государственный университет (ТГУ)  |c (2009- )  |2 stltpush  |3 (RuTPU)RU\TPU\col\17230 
801 2 |a RU  |b 63413507  |c 20181005  |g RCR 
856 4 |u http://earchive.tpu.ru/handle/11683/50746 
942 |c BK